| 000 | 00841nam a22002297a 4500 | ||
|---|---|---|---|
| 003 | UPN | ||
| 005 | 20250319152447.0 | ||
| 008 | 250319s2003 fr|a|||g 6||| 00| 0 fre d | ||
| 040 |
_aMX-MxUPN _bspa _cMX-MxUPN |
||
| 050 |
_aHQ576 A74 E38 _b2003 |
||
| 100 |
_aMatende, Florence _956048 |
||
| 245 | _aEtre chez soi, c'est le meilleur remede, Zimbabwe | ||
| 260 |
_aParís : _bUNESCO |
||
| 300 | _a6 páginas | ||
| 490 | _aAlphabétisation, Égalité des sexes, VIH/SIDA | ||
| 500 | _aRédigé lors d'un atelier organisé oaar UNESCO-DANIDA pour la préparation de livrets pronant l'égalité des sexes dans la prévention du VIH/SIDA | ||
| 650 | 0 |
_aEquidad de género _zÁfrica _956050 |
|
| 650 | 4 |
_aAlfabetización (Educación) _zÁfrica _91833 |
|
| 650 | 2 |
_aVIH _912140 |
|
| 902 | _aMaiella Martínez / 19032025 | ||
| 942 |
_2lcc _cFOLL _n0 |
||
| 999 |
_c212899 _d212899 |
||